| 000 | 00553nam a22002297a 4500 | ||
|---|---|---|---|
| 001 | BS2023000641 | ||
| 003 | BR-BrBNA | ||
| 005 | 20231215114449.0 | ||
| 008 | 231215b bl.||||| |||| 00| 0 por d | ||
| 020 | _a85-13-01107-X | ||
| 040 |
_aBR-BrBNA _bpor |
||
| 041 | _apor | ||
| 072 | _aS84 | ||
| 100 |
_4aut. _aVoltaire |
||
| 245 |
_aContos / _cVoltaire |
||
| 260 |
_aSão Paulo, SP : _bNova Cultural, _c2003 |
||
| 300 | _a398 p. | ||
| 650 | _aLITERATURA FRANCESA | ||
| 909 |
_a202312 _bAna Lívia |
||
| 942 | _cBK | ||
| 999 |
_c260050 _d260050 |
||